<?xml version="1.0" encoding="UTF-8"?>
<marc:record xmlns:marc="http://www.loc.gov/MARC21/slim">
   <marc:leader>00000nam a2200000 a 4500</marc:leader>
   <marc:datafield ind1=" " ind2=" " tag="653">
      <marc:subfield code="a">Animationsfilm</marc:subfield>
   </marc:datafield>
   <marc:datafield ind1=" " ind2=" " tag="653">
      <marc:subfield code="a">Literaturverfilmung</marc:subfield>
   </marc:datafield>
   <marc:datafield ind1="0" ind2="0" tag="245">
      <marc:subfield code="a">Watership Down</marc:subfield>
   </marc:datafield>
   <marc:datafield ind1="0" ind2="0" tag="245">
      <marc:subfield code="b">Unten am  Fluss</marc:subfield>
   </marc:datafield>
   <marc:datafield ind1=" " ind2="1" tag="264">
      <marc:subfield code="a">Grünwald</marc:subfield>
      <marc:subfield code="b">Concorde Video</marc:subfield>
   </marc:datafield>
   <marc:datafield ind1="1" ind2=" " tag="520">
      <marc:subfield code="a">Eines Tages hat Fiver, ein Kaninchenjunge, dunkle Vorahnungen vom Untergang seines Baus. Daher macht er sich mit einer kleinen Gruppe sowie seinem Bruder Hazel auf den Weg, um ein neues Zuhause zu finden. Unterwegs müssen sie so manche gefährliche Situation bestehen und Feinde wie Raubtiere, Menschen und sogar ihrer eigene Spezies überlisten. Doch die Gemeinschaft lernt auf ihrem Weg auch neue Freunde kennen, die sie tatkräftig bei der Suche nach einer neuen Heimat unterstützen.&#xD;
&#xD;
Pressezitat:&#xD;
"Spitzenklasse. Ein würdiger Beitrag zur klassischen Tradition des Animationsfilm" (Richard Schickel, TIME)</marc:subfield>
   </marc:datafield>
   <marc:datafield ind1="1" ind2=" " tag="521">
      <marc:subfield code="a">FSK ab 6 freigegeben</marc:subfield>
   </marc:datafield>
   <marc:datafield ind1="1" ind2=" " tag="521">
      <marc:subfield code="a">0</marc:subfield>
   </marc:datafield>
   <marc:datafield ind1=" " ind2=" " tag="338">
      <marc:subfield code="a">Videodisk</marc:subfield>
   </marc:datafield>
   <marc:datafield ind1=" " ind2=" " tag="300">
      <marc:subfield code="a">1 DVD</marc:subfield>
   </marc:datafield>
</marc:record>
